00705nam a2200229 a 4500001001300000003000900013005001700022008004100039020001000080082001700090245005900107260004600166300000800212500003500220505001000255650003000265710003000295902000800325942000700333952011800340999001700458nice12345678IN_TiNIC20260116013817.0050524s1965 newa grp 000 0 eng  ac10000a230.41bLUT1 aRe-Examination of Lutheran and Reformed Traditions III aNew YorkbLutheran World Federationc1965 a56p aincludes index and biblioraphy2 aIndex aLutheran Church-Doctrines2 aLutheran World Federation bSRS cBK 001040708StackRoom-aHMIbHMId2007-06-14g100.00l0o230.41 LUT1p016363r2007-06-14v100.00w2005-05-24yBK c12625d12625